[Event "EU-ch 6th"]
[Site "Warsaw"]
[Date "2005.06.22"]
[Round "5"]
[White "Minasian, Artashes"]
[Black "Ivanchuk, Vassily"]
[Result "0-1"]
[WhiteElo "2597"]
[BlackElo "2739"]
[Annotator "Psakhis,L"]
[PlyCount "58"]
[EventDate "2005.06.18"]
[EventType "swiss"]
[EventRounds "13"]
[EventCountry "POL"]
[SourceTitle "CBM 108"]
[Source "ChessBase"]
[SourceDate "2005.09.26"]
[SourceVersion "1"]
[SourceVersionDate "2005.09.26"]
[SourceQuality "1"]

1. e4 c5 2. Nf3 d6 3. c3 Nf6 4. Be2 {White's main idea in this variation is to
take control over the centre with the simple plan: 0-0, Bb5+,Re1 and d4
Erenburg: 'Svidler: 'Winants: Peter Svidler qui souhaitait probablement éviter
un débat théorique, sur le thème des grandes variantes de la défense
sicilienne, choisit ici un système peu connu, mais néanmoins très dangereux. 
L'intérêt du dispositif, réside dans son élasticité. D'abord, il faut
envisager la formation d'une phalange de pions au centre de l'échiquier,
ensuite, songer au développement pianissimo du début italien (d3 suivi
éventuellement de 0-0, Re1, Nbd2) et finalement, tenir compte de l'attaque
Rossolimo en différé avec l'échec sur b5. ' Svidler: 'Winants: Peter Svidler
qui souhaitait probablement éviter un débat théorique, sur le thème des
grandes variantes de la défense sicilienne, choisit ici un système peu connu,
mais néanmoins très dangereux.  L'intérêt du dispositif, réside dans son
élasticité. D'abord, il faut envisager la formation d'une phalange de pions au
centre de l'échiquier, ensuite, songer au développement pianissimo du début
italien (d3 suivi éventuellement de 0-0, Re1, Nbd2) et finalement, tenir
compte de l'attaque Rossolimo en différé avec l'échec sur b5. ''} g6 (4... Nxe4
$2 5. Qa4+ {[%cal Ra4e4,Ra4e8]}) ({One of them is to capture the e4 pawn, but
White gets a strong initiative. For instance:} 4... Nc6 5. d4 {Svidler: 'Un
gambit prometteur imaginé par Michael Basman.' Svidler: 'Un gambit prometteur
imaginé par Michael Basman.'} cxd4 6. cxd4 Nxe4 7. d5 Qa5+ 8. Nc3 Nxc3 9. bxc3
Nd8 (9... Ne5 10. Nxe5 Qxc3+ 11. Bd2 Qxe5 12. O-O $44 {avec d'excellentes
compensations pour les pions sacrifiés, Basman,M-Stean,M Hastings 1973}) 10.
O-O e5 11. dxe6 Nxe6 12. Nd4 $44 {1-0 Hodgson,J-Suba,M/Blackpool 1990/CBM 18 
(41)}) (4... Nbd7 {See 1-0 Svidler,P-Kasparov,G/Tilburg 1997/CBM 61[Svidler] 
(37) La réponse habituelle. D'autres possibilités seraient:}) 5. O-O Bg7 (5...
Bd7 $5) 6. Bb5+ {Erenburg: 'Svidler: 'Une idée du grand-maître Philippin
Eugenio Torre, que l'on retrouve dans les parties de Michael Adams.' Svidler:
'Une idée du grand-maître Philippin Eugenio Torre, que l'on retrouve dans les
parties de Michael Adams.''} (6. d3 O-O 7. Nbd2 Nc6 (7... e5 8. a3 Nbd7 9. b4
d5 10. Qb3 dxe4 11. dxe4 Qc7 12. a4 b6 13. Bc4 Bh6 14. Re1 Bb7 15. a5 Rae8 16.
h4 $14 {/~~ Georgiev,Kr-Petursson,M Saint John op-2 1988}) 8. Re1 b6 9. a3 Qc7
10. Bf1 Bb7 11. b4 Nd7 12. Qb3 e6 (12... cxb4 13. axb4 Nxb4 14. Qxb4 Bxc3 15.
Qb1 Bxa1 16. Qxa1 $14 {/+/-}) 13. Bb2 d5 14. d4 c4 15. Qa4 b5 16. Qc2 $13 {
Hickel,J-Hubner,R Nussloch 1996 66/163}) 6... Nc6 (6... Nbd7 7. Re1 a6 8. Bf1
O-O (8... Ne5 9. d4 Nxf3+ 10. Qxf3 Nd7 11. Rd1 O-O 12. Be3 Qc7 (12... Qb6 13.
Rd2) 13. Nd2 b6 14. Rac1 Bb7 15. Qh3 Rac8 16. d5 Rfe8 17. Bh6 e6 18. Bxg7 Kxg7
19. c4 $14 {Adams,M-Van Wely,L/Wijk ann Zee 1996}) 9. d4 e5 10. dxe5 (10. d5
Nh5 $36 (10... b5 11. a4 Rb8 12. axb5 axb5 13. Na3 $14)) (10. a4 b6 11. Na3 Bb7
12. d5 Qc7 13. Bg5 h6 14. Bd2 Kh7 15. b4 Ng8 16. Qb1 Rab8 17. a5 bxa5 18. b5
Ra8 19. Ra2 f5 20. bxa6 Bxa6 21. Bxa6 Rxa6 22. Nb5 Qd8 {1/2-1/2 Jones,
G-Karjakin,S/Olympiad B16 Malaziya 2002/ChessBase (66)}) 10... Nxe5 (10... dxe5
11. a4 b6 12. Na3 Bb7 13. Qc2 Qc7 14. Bg5 h6 15. Bh4 Bc6 16. Nd2 Rfe8 17. b4
Bf8 18. b5 axb5 19. Nxb5 Qb7 20. f3 Reb8 21. Nc4 Ne8 22. Red1 Kg7 23. Qb2 f6
24. Ne3 Nc7 {1/2-1/2 Kasimdzhanov,R-Tiviakov,S/Schrijvers rapid 2004/Chess
Today (80)}) 11. Bg5 (11. Nxe5 dxe5 12. Qc2 Be6 13. a4 Qc7 14. Na3 c4 15. f3 b6
16. Be3 Rfd8 17. Qf2 Rab8 18. Nc2 a5 19. Na3 Nd7 20. Qe2 Rbc8 21. Red1 Bf8 {
1-0 Houska,J-Pym,T/BCF-ch Scarborough 2004/}) 11... Qb6 12. Nxe5 dxe5 13. Qc2
Be6 $10 {Kengis,E-Lukin.A Groningen op(3) 1991 1/2 27}) (6... Bd7 7. Bxd7+ Qxd7
8. Re1 O-O 9. d4 Na6 (9... cxd4 10. cxd4 d5 11. e5 Ne4 12. Nc3 (12. Nbd2 Nxd2
13. Bxd2 Nc6 14. Bf4 Rac8 15. Qd2 Nd8 16. h4 Ne6 17. Be3 Rc7 18. h5 Rfc8 19.
Re2 Qa4 20. Ne1 f6 21. f4 f5 22. hxg6 hxg6 23. g4 {1-0 Georgiev,K-Daubenfeld,G/
Le Touquet op 2003/}) 12... Nxc3 13. bxc3 Nc6 14. h4 (14. Ng5 Nd8 15. h4 Rc8
16. Qd3 Rc6 17. Bd2 Ne6 18. Nh3 Rfc8 19. h5 Nd8 20. Qf3 Ne6 21. Qg3 Nc7 22.
Rab1 b6 {1-0 Van den Doel,E-Bitalzadeh,A/Amsterdam ACT op 2004}) (14. Bf4 Rac8
15. Ng5 Nd8 16. Qd3 Rc6 17. Bd2 f6 18. exf6 exf6 19. Nh3 Ne6 20. Re2 Re8 21.
Rae1 Rcc8 22. Qb1 b5 23. Qd3 Nc7 24. Nf4 Rxe2 25. Rxe2 {1/2-1/2 Yudasin,
L-Wojtkiewicz,A/EUCup G7 1997/CBM 62}) 14... Rac8 (14... h5 {preventing h4-h5.}
15. Qd3 Nd8 16. Bd2 Rc8 17. Reb1 Rc7 18. a4 Ne6 19. Rb5 {[%csl Rd5][%cal Yd3b1,
Yb1b3,Gb3d5,Gb5d5]} Rfc8 20. Qb1 Nd8 21. Ne1 {White knight is going to d3.} Kh7
22. Nd3 {[%csl Gd3]} Bh6 23. Bxh6 Kxh6 24. Qa2 Rc4 25. e6 $1 $16 {1-0 Ye
Jiangchuan-Wang Pin/Shanghai 2000/CBM 76/[King] (33)}) (14... Qg4 $2 15. Qb3 {
[%csl Rb7,Rd5][%cal Gb3d5,Gb3b7]}) (14... Nd8 $5) (14... f6 $5) 15. h5 Nd8 $146
(15... Na5) 16. Qd3 Ne6 17. h6 $1 {[%csl Rg7] After this move Black plays just
without a bishop. This continuation looks very logical, so I was surprised
when I discovered that nobody played h5-h6 in such positions before me.} Bh8
18. Bd2 Rc4 19. Reb1 b5 {Black tries to keep space on the queen's side so that
White cannot play on both sides.} 20. Ne1 {[%cal Ye1c2,Yc2e3] This manouevre
is typical for this structure. From e3 the white knight controls nearly the
whole center.} a6 {supporting the b5 pawn.} 21. Nc2 $14 {1-0 Erenburg,S-Kundin,
A/Tel Aviv Last Autumn 2002/CBM 92/[Erenburg] (49)}) 10. d5 (10. e5 $5) (10. a4
Rac8 11. Bg5 cxd4 12. Nxd4 Nc5 13. f3 Rfd8 14. b4 Ne6 15. Be3 a6 16. Qb3 d5 17.
e5 Ne8 18. f4 Nxd4 19. cxd4 Bf8 20. b5 Ng7 21. Nd2 h5 22. Qd3 Qf5 {1/2-1/2
Azarov,S-Zhigalko,A/BLR-ch Minsk 2004/ (92)}) 10... c4 11. Nbd2 Nc5 12. Nxc4
Ncxe4 13. a4 Nc5 14. Ne3 Qd8 15. Ra3 $14 {Adams,M-Anand,V Dortmund 1996}) 7. d4
Bd7 (7... cxd4 8. cxd4 O-O (8... a6 $146 9. Be2 $5 (9. Bxc6+ bxc6 10. Nc3 $14)
9... d5 10. e5 Ne4 11. Be3 Qb6 $6 (11... O-O 12. Ne1 Qb6 13. f3 $140 Bxe5 14.
fxe4 Bxd4 15. Bxd4 Nxd4 16. Kh1 dxe4 $44) 12. Nc3 $1 Nxc3 13. bxc3 Na5 (13...
O-O 14. c4 Qa5) 14. Qa4+ $1 Bd7 15. Qa3 Qc7 16. Bg5 (16. Nd2) 16... Bf8 $8 (
16... Qd8 17. Bxe7) 17. Nd2 h6 18. Bh4 $36 {1/2-1/2 Adams,M-Van Wely,L/
Groningen (m/1) (52)}) (8... Qb6 9. Na3 a6 10. Ba4 O-O 11. d5 Na5 12. Qe1 Bd7
13. Bxd7 Nxd7 14. Be3 $16 {[%csl Rb6] /+- 1-0 Yudasin,L-Rechlis,G/ISR-chT 1996/
EXP 52 (33)}) (8... d5 9. e5 Ne4 10. Ne1 f6 11. f3 Ng5 12. Bxg5 fxg5 13. Nc3
O-O 14. Nc2 Bd7 15. Qd2 e6 16. Kh1 Qb6 17. a4 Rf7 18. Rfc1 $14 {1/2-1/2 Lutz,
C-Lagunow,A/GER-ch 1995/EXP 50 (44)}) 9. d5 (9. Nc3 Bg4 10. Be3 Nd7 11. Be2 e5
12. d5 Bxf3 13. dxc6 Bxe2 14. Nxe2 Nf6 15. cxb7 Rb8 16. Nc3 $14 {Torre,
T-Gallagher,J Saint John op-2 1988 1-0 32/CBM 06}) 9... Ne5 (9... Nb8 10. Nc3
$14) 10. Nxe5 dxe5 11. Nc3 a6 12. Bd3 e6 13. Qb3 exd5 14. exd5 Ne8 15. Be3 Nd6
16. Bb6 Qg5 17. Ne4 Nxe4 18. Bxe4 f5 19. d6+ Kh8 20. Bd5 f4 21. Rac1 Bf5 22. f3
Rae8 {0-1 Airapetian,T-Akatova,E/RUS-ch G18 Dagomys 2004/EXT 2005 (29)}) (7...
O-O 8. d5 Na5 (8... Nb8 {RR} 9. Re1 e6 10. a4 (10. dxe6 {HarZvi} Bxe6 11. Na3
h6 12. Bf4 d5 13. exd5 Nxd5 14. Bg3 Nc6 15. Bxc6 bxc6 16. Ne5 $14 {/+/- 1/2-1/
2 Torre,E-Gelfand,B/Erevan olm 1996/EXT 96ch2 (77)}) 10... a6 11. Bf1 exd5 12.
exd5 Bg4 (12... Bf5 $5 {Anand: 'HarZvi'}) (12... Bf5 {HarZvi}) 13. h3 Bxf3 14.
Qxf3 Re8 15. Rxe8+ Nxe8 16. Na3 Nd7 17. Bf4 Ne5 18. Qd1 Rb8 19. Qd2 Nc7 20. a5
Ne8 21. Nc4 $16 {Lutz,C-Khalifman,A/Munich 1992/CBM 30/[Boensch,U]/1-0 (58) ^^}
) (8... Ne5 9. Nxe5 dxe5 10. f3 Ne8 11. Be3 Nd6 12. a4 Qc7 13. Nd2 f5 14. Qe2
f4 15. Bf2 g5 16. b4 cxb4 17. cxb4 h5 18. Rfc1 Qd8 19. Ra3 g4 20. Rac3 a6 21.
Bd3 Qe8 22. Bh4 Bf6 {1/2-1/2 Gdanski,J-Damljanovic,B/EUR-ch Istanbul 2003/The
Week in Chess 449 (67)}) (8... a6 9. Bd3 Na5 10. h3 e6 11. dxe6 Bxe6 12. Bf4
Re8 13. Re1 d5 14. Nbd2 Qb6 15. Qc2 d4 16. cxd4 Nh5 17. Bh2 c4 18. Nxc4 Bxc4
19. Bxc4 Rac8 20. b3 Bxd4 21. Rab1 Bg7 22. Qd3 Nxc4 23. bxc4 Qc6 {1-0 Kim,
A-Kotsur,P/St Petersburg 300 Years 2003/ (52)}) 9. Re1 e6 10. Bf1 $1 {/\ c3-c4}
(10. dxe6 Bxe6 11. Ba4 $11 d5 12. e5 Ne4 13. Nbd2 Bf5 14. Nxe4 dxe4 15. Qxd8
Raxd8 16. Ng5 $14 {1-0 Benjamin,J-Kaidanov,G/USA-ch 1996/CBM 55 (41)}) 10...
exd5 11. exd5 Bf5 12. Na3 (12. c4 $5 {HarZvi: This is certainly a move one
must consider seriously, since now the knight on a5 seems to be out of the
game and White's Nb1 is going to have a very good place on c3.} Re8 13. Rxe8+
Qxe8 14. Bd2 b6 {[%cal Gf6e4]} 15. Bc3 {[%csl Ra5] and White has a slight
advantage.}) 12... b6 (12... a6 $5 {[%cal Gb7b5]} 13. Bg5 h6 14. Bh4 {[%cal
Gb2b4]} g5 15. Bg3 Nh5 $132 {/->}) (12... Re8 $5 {HarZvi}) 13. Bf4 $6 {/\ Nb5}
(13. Ba6 $5 Bc8 (13... Qd7 14. b4 cxb4 15. cxb4 Ne4 16. Nd4) 14. Bd3 {>< f5 /\
c4}) 13... a6 $1 $13 14. Rc1 Be4 15. Bg5 (15. c4 Bxf3 16. Qxf3 Nh5 $1 $13)
15... Re8 16. b4 (16. c4 {HarZvi} h6 17. Bd2) 16... Nb7 17. b5 $5 axb5 18. Nxb5
$36 {1-0 Anand,V-Gelfand,B/Wch Groningen 1997/CBM 63/[Anand] (36)}) (7... a6 8.
Bxc6+ bxc6 9. Re1 (9. dxc5 Nxe4 10. cxd6 Nxd6 (10... exd6 $2 11. Qa4 {[%cal
Ga4c6,Ga4e4]})) 9... cxd4 10. cxd4 O-O 11. h3 (11. Nc3 Bg4 $5) 11... Nd7 12.
Nc3 c5 (12... Rb8 13. b3 c5 14. Be3) 13. Be3 Rb8 14. Qd2 cxd4 15. Bxd4 Bxd4 16.
Nxd4 $14 {1/2-1/2 Hellsten,J-De Firmian,N/Mermaid Beach Club 1997/CBM 58/[Har
Zvi] (58)}) 8. Re1 (8. Qe2 a6 9. Bxc6 Bxc6 10. d5 Bd7 11. Rd1 O-O 12. e5 dxe5
13. Nxe5 Bf5 14. c4 Qc7 15. Nc3 Rad8 16. Nf3 h6 17. Be3 e6 18. Qd2 Ne4 19. Nxe4
Bxe4 20. Bxh6 Bxh6 21. Qxh6 Bxf3 22. gxf3 exd5 {1/2-1/2 Adams,M-Ivanchuk,V/
Wijk aan Zee 1996/}) 8... O-O $146 (8... a6 9. Bf1 cxd4 10. cxd4 Bg4 11. Be3
O-O 12. Nc3 Rc8 13. Be2 Nd7 14. Rc1 Qa5 15. Nd5 e6 16. Rxc6 bxc6 17. Ne7+ Kh8
18. Nxc8 Rxc8 19. Ng5 Bxe2 20. Rxe2 Kg8 21. b3 Qb5 22. Rc2 a5 23. Qf3 {Perez
Pietronave,C-Sorokin,M/Buenos Aires op 1997/ChessBase/0-1 (42)}) 9. h3 $2 {
[%mdl 8192] This inaccuracy leads to a bad position !} (9. dxc5 dxc5 10. Nbd2
a6 $11) (9. d5 $5 Ne5 10. Bxd7 Nxf3+ 11. Qxf3 Nxd7 12. Na3 a6 $13) 9... Nxd4 $1
{A typical idea, very often Black uses this motive in the Ruy Lopez.} 10. Nxd4
(10. cxd4 Bxb5 11. Nc3 Bc6 12. d5 Bd7 $17) 10... cxd4 11. Bxd7 (11. Bd3 dxc3
12. Nxc3 $17) 11... Nxd7 12. cxd4 Qb6 $1 13. Be3 (13. d5 $5 Bxb2 14. Bxb2 Qxb2
15. Nd2 Rfc8 16. a4) (13. Nc3 $142 $5 Qxd4 (13... Bxd4 14. Be3 Bxe3 15. Rxe3
Nf6 16. Qe2 $15 {[%cal Gc3d5]}) 14. Nd5 e6 15. Qxd4 Bxd4 16. Nc7 Rac8 17. Nb5
Bc5 18. Be3 $1 $15) 13... Qxb2 14. Nd2 Bxd4 15. Rb1 (15. Qe2 Bxe3 (15... Qxa1
16. Rxa1 Bxa1 17. Qb5 $17) 16. Qxe3 b6 $19) 15... Qc3 16. Bxd4 (16. Rxb7 Nc5
17. Rb1 Rac8 $17 18. Rc1 $140 Qd3) (16. Rb3 $5 Qc5 17. Rxb7 Bxe3 18. Rxe3 Qc6
19. Rb1 {with some chances for defence.}) 16... Qxd4 17. Rxb7 Nc5 $1 {A very
strong answer, which was certainly overlooked by White.} 18. Rxe7 $6 (18. Rb1
$142 Rab8 $17 {[%cal Gb8b1]}) 18... Qf6 19. Rc7 $8 Qd8 {[%csl Rc7]} 20. Rxc5 (
20. Rc6 Qd7) 20... dxc5 $19 {The rest is simple. White has to sit and wait
while Black strengthens his position.} 21. Qc2 Qe7 22. Nc4 Rad8 23. Re3 (23.
Na5 Rd7) 23... Qd7 (23... Qe6 $5) (23... Rd4 $5) 24. Kh2 Qd1 25. Qc3 Qd4 26.
Qc2 Rfe8 27. e5 Re6 28. Rf3 (28. Qb3 Kg7) 28... h5 29. Qc1 Qe4 0-1

[Event "ARM-ch"]
[Site "Yerevan"]
[Date "2005.05.03"]
[Round "5"]
[White "Petrosian, Tigran L"]
[Black "Kotanjian, Tigran"]
[Result "1-0"]
[WhiteElo "2599"]
[BlackElo "2443"]
[Annotator "Psakhis,L"]
[PlyCount "55"]
[EventDate "2005.04.29"]
[EventType "tourn"]
[EventRounds "11"]
[EventCountry "ARM"]
[EventCategory "11"]
[SourceTitle "CBM 107"]
[Source "ChessBase"]
[SourceDate "2005.08.01"]
[SourceVersion "1"]
[SourceVersionDate "2005.08.01"]
[SourceQuality "1"]

{[%mdl 16]} 1. e4 c5 2. Nf3 d6 3. c3 Nf6 4. Be2 g6 5. O-O Bg7 6. Re1 O-O 7. Bf1
Nc6 8. h3 e5 9. d3 (9. d4 $6 {This move looks strategically wrong- white is
still undeveloped but he opens the center by d4 move.} cxd4 10. cxd4 exd4 11.
Nxd4 Nxd4 (11... Re8 12. Nxc6 bxc6 13. Nc3 d5 (13... Rb8 $5 $15 {[%csl Rb2]})
14. exd5 Rxe1 15. Qxe1 Nxd5 $15 {1/2-1/2 Wang Wenhao-Genov,P/Antwerpen 1992/
CBM 30 ext (66)}) 12. Qxd4 Re8 13. Bg5 {This attempt to simplify position is
quite risky as it is proved in the 13...Bxf6 line. 13.Qd3 looks better than 13.
Bg5, but black has chances for better play there too.} (13. Qd3 d5 (13... Bf5
14. Nc3 d5 $15) 14. e5 Ne4 15. Nc3 Nxc3 (15... Qb6 $5 16. Be3 Qxb2 17. Nxd5
Qxe5 18. Rac1 $44 {[%cal Gd5c7]}) (15... Rxe5 16. Bf4 $132 {[%csl Rd5]}) 16.
Qxc3 d4 17. Qg3 Qb6 (17... Bf5 $142 $15) 18. Bd3 Be6 {0-1 Savic,M-Pogonina,N/
Halkidiki GRE 2000/ (41)}) 13... h6 14. Bxf6 Qxf6 $146 {Black is better on
forthcomin ending, but it was better to stay in the middlegame trying to use
backwardness of white in development.} (14... Bxf6 15. Qd2 d5 $1 16. Nc3 dxe4
17. Nxe4 (17. Qxd8 Rxd8 18. Rxe4 Bf5 $17) 17... Qxd2 18. Nxf6+ (18. Nxd2 Be6 $1
$17) 18... Kf8 19. Rxe8+ Kg7 20. Re2 Qa5 $17 {0-1 Bazant,P-Calzetta Ruiz,M/
Olomouc 2000/CBM 77 ext (41)}) 15. Qxf6 (15. Qa4 Bxh3 $5 (15... Be6 16. Nc3 Qg5
$15) 16. gxh3 Qg5+ 17. Bg2 Bxb2 18. Na3 Bxa1 19. Rxa1 a6 $13) 15... Bxf6 16.
Nc3 {[%cal Gc3b5,Gc3d5]} Bxc3 17. bxc3 Be6 $36 {1/2-1/2 Shachar,E-Tyomkin,D/
ISR t-ch 2001/CBM 82/[Tyomkin,D] (38)} (17... Bd7 {[%cal Gd7c6]} 18. Rad1 {
[%csl Rd6]})) 9... Ne8 (9... Re8 10. a3 a5 11. a4 d5 12. Nbd2 h6 13. exd5 Nxd5
14. Nc4 Nb6 15. Ne3 Be6 16. Ng4 Bxg4 17. hxg4 Qd7 18. Qb3 Nd5 19. g5 Nf4 20.
Qc4 Qg4 21. Bxf4 Qxf4 22. Qxf4 exf4 23. gxh6 Bxh6 24. Nd2 {Xorisso-Damaso,R/
Dos Hermanas Internet qualifier S17 2005/1-0 (72)}) (9... d5 10. Nbd2 Qc7 (
10... h6 11. exd5 Nxd5 12. Nc4 Qc7 13. a4 b6 14. Qb3 Be6 15. Bd2 a6 16. Qc2 b5
17. Ne3 Rad8 18. axb5 axb5 19. Ra6 Kh7 20. Ng4 Bc8 {1-0 Kiik,K-Andersson,U/
Tallinn Keres mem 1997/ChessBase (44)}) 11. a3 Rd8 12. b4 cxb4 13. axb4 d4 14.
Bb2 dxc3 15. Bxc3 Ne8 16. Rc1 Qe7 17. Qa4 Be6 18. Nc4 Bxc4 19. dxc4 Nc7 20. c5
a6 21. Bc4 Ne6 {1-0 Shabanov,Y-Saidy,A/WchS Halle 2004/ (39)}) (9... h6 10. a3
(10. Nbd2 Be6 11. a3 Nh7 12. b4 Ng5 13. Rb1 Nxf3+ 14. Nxf3 b6 15. Bb2 Rc8 16.
d4 cxd4 17. cxd4 Nxd4 18. Nxd4 exd4 19. Bxd4 Bc4 20. Bxg7 Kxg7 21. Rc1 Bxf1 22.
Rxc8 Qxc8 23. Qd4+ Kg8 {1-0 Del Campo,R-Rubery,M/Elista ol 1998/ChessBase (50)}
) 10... a6 11. b4 Be6 12. Bb2 Re8 13. Nbd2 cxb4 14. cxb4 Nd7 15. Rc1 d5 16.
exd5 Bxd5 17. Ne4 b5 18. Nd6 Re6 19. Ne4 Nd4 20. Nfd2 Rc8 21. Rxc8 Qxc8 {
1/2-1/2 Delgado,N-Vera,R/CUB-ch Holguin 2002/ChessBase (45)}) 10. Nbd2 (10. Na3
f5 11. Nc2 h6 12. d4 fxe4 13. Rxe4 cxd4 14. cxd4 d5 15. Re2 e4 16. Nd2 Nd6 17.
Nb3 Nf5 18. Be3 Qd6 19. Qd2 g5 20. Rc1 b6 21. Ree1 Nh4 {0-1 De la Cruz Sanchez,
G-Reinaldo Castineira,R/Padron op 2002/ (52)}) 10... f5 11. b4 $1 Kh8 $146 (
11... b6 12. b5 Ne7 13. d4 d5 14. Nxe5 fxe4 15. f3 cxd4 16. cxd4 Nf5 17. fxe4
Nxd4 18. exd5 Bb7 19. Bb2 Rxf1+ 20. Nxf1 Qxd5 21. Nc6 $16 {1-0 Smagin-Rao/
World Open 1989/ChessBase (28)}) 12. b5 (12. bxc5 $5 dxc5 13. Qb3 Nd6 14. Qd5
$5) 12... Ne7 13. d4 $5 ({If Petrosian would desire to give game more placid
character, he would play move like} 13. a4) 13... d5 $5 (13... cxd4 14. cxd4 d5
15. exd5 (15. dxe5 $5 dxe4 16. Ba3 $5 exf3 17. Nxf3 $36) 15... e4 16. Ba3 Nd6
17. Ne5 Nxd5 18. Qb3 {with strong pressure}) 14. exd5 (14. Nxe5 fxe4 15. Ba3 b6
$5 $13) 14... e4 (14... cxd4 15. Nxe5 $5 (15. cxd4 e4 16. Ba3 $36) 15... dxc3
16. Ndf3 Nxd5 (16... Qxd5 17. Ba3 $1) 17. Ng5 $1 $16) 15. c4 $5 {This trick is
the only way to fight for an advantage. After} (15. Ba3 exf3 (15... Nxd5 16.
Bxc5 exf3 17. Bxf8 Bxf8 18. Qxf3 $14) 16. Bxc5 fxg2 (16... Nxd5 {leads with
transposition of moves to previous line.}) 17. Bxe7 (17. Bxg2 Nd6 18. Qe2 Ng8
$132) 17... gxf1=Q+ 18. Nxf1 Qd7 19. Bxf8 Bxf8 {Black has exelent postion.})
15... cxd4 {Trying to avoid the complications arising after} (15... exf3 $142
$5 16. Nxf3 cxd4 (16... Nd6 17. dxc5 Bxa1 18. cxd6 Ng8 (18... Qxd6 19. Bf4 $1
$18) 19. c5 $44 {[%csl Gc5,Gd5,Gd6]}) 17. Bb2 $132 {but, possibly, it was best
chance for Black.}) 16. Ba3 {White has seized space on the queenside and it is
very difficult for Black has to develop any counter play.} (16. Bb2 exf3 17.
Nxf3 $44) 16... Nd6 $6 ({Possibly Black had to try} 16... a6 17. Nxd4 $5 (17.
Nxe4 $2 fxe4 18. Rxe4 Nd6) (17. b6 $5 $13) 17... Bxd4 18. Nxe4 Bg7 {and this
position might look very dangerous for Black, but it wouldn't be so easy for
White to find anything decisive.} (18... Bxa1 $2 19. Qxa1+ Ng7 20. Ng5 $5 $40 {
[%csl Ga3,Ge1]})) (16... b6 17. Nxd4 $5 Bxd4 18. Nxe4) 17. Nxd4 $16 b6 (17...
Bxd4 18. Nxe4 fxe4 (18... Be5 19. Nxd6 Bxd6 20. Qd4+ Kg8 21. c5 $18) 19. Qxd4+
Kg8 20. Bb2 Kf7 21. Qg7+ Ke8 22. c5 Ndf5 23. Qc3 $18 {[%csl Gc5,Gd5,Re8]}) 18.
N2b3 (18. Nc6 $5) 18... a6 (18... Qc7 19. Nc6) 19. bxa6 $6 ({A natural
development of the initiative can be achieved by} 19. Ne6 $142 $1 Bxe6 20. dxe6
Ndc8 (20... Be5 21. f4 $1 Bxa1 22. Qxa1+ Kg8 23. Rd1 Nec8 24. Qe5 Qf6 25. Qd5
$18) 21. Qxd8 Rxd8 22. Rad1 $18) 19... Rxa6 20. Bb4 Ra8 (20... Ra4 21. a3) 21.
a4 {[%cal Ga4a5]} Re8 22. a5 $18 {Decisive breakthrough in the queenside.} Nb7
(22... Kg8 $5) 23. axb6 (23. a6 $5) 23... Rxa1 24. Qxa1 Qxb6 25. Qa4 Qd8 $8 26.
d6 $1 Ng8 (26... Nxd6 $2 27. Bxd6) 27. c5 Nf6 28. Bb5 1-0